000 00317nam a2200133Ia 4500
005 20251222140049.0
008 251222s1900||||xx |||||||||||||| ||spa||
082 _a109/G17
100 _aGambra Ciudad, Rafael
245 0 _aHistoria Sencilla de la FilosofĂ­a
250 _a6a.ed.
264 _bRialp1972
942 _cLIB
999 _c3535
_d3535